Statistics for County Seats Of Missouri

Click here to take the quiz!

General Stats

  • This quiz has been taken 118 times
  • The average score is 54 of 115

Answer Stats

CountySeat% Correct
JacksonIndependence & Kansas City
100%
BooneColumbia
93%
GreeneSpringfield
93%
(Independent city)St. Louis
93%
ColeJefferson City
87%
_____ _______Saint Charles
87%
BuchananSaint Joseph
87%
AdairKirksville
80%
Saint LouisClayton
73%
PhelpsRolla
73%
Saint FrancoisFarmington
67%
Cape GirardeauJackson
67%
AudrainMexico
67%
___ ______New Madrid
67%
ButlerPoplar Bluff
67%
______ _________Ste. Genevieve
(Sainte Genevieve County)
67%
FranklinUnion
67%
CooperBoonville
60%
TexasHouston
60%
VernonNevada
60%
ChristianOzark
60%
WashingtonPotosi
60%
PettisSedalia
60%
LincolnTroy
60%
BentonWarsaw
60%
HowellWest Plains
60%
ScottBenton
53%
MoniteauCalifornia
53%
CamdenCamdenton
53%
CarrollCarrollton
53%
JasperCarthage
53%
PemiscotCaruthersville
53%
CallawayFulton
53%
GasconadeHermann
53%
IronIronton
53%
DunklinKennett
53%
NodawayMaryville
53%
ScotlandMemphis
53%
MontgomeryMontgomery City
53%
PerryPerryville
53%
PlattePlatte City
53%
PutnamUnionville
53%
MorganVersailles
53%
DouglasAva
47%
MississippiCharleston
47%
KnoxEdina
47%
MadisonFredericktown
47%
WayneGreenville
47%
JeffersonHillsboro
47%
ClarkKahoka
47%
LacledeLebanon
47%
ClayLiberty
47%
OsageLinn
47%
_____Macon
47%
LewisMonticello
47%
DentSalem
47%
ShelbyShelbyville
47%
CrawfordSteelville
47%
WarrenWarrenton
47%
PikeBowling Green
40%
ReynoldsCenterville
40%
RipleyDoniphan
40%
ShannonEminence
40%
HowardFayette
40%
WorthGrant City
40%
CassHarrisonville
40%
RandolphHuntsville
40%
SchuylerLancaster
40%
BollingerMarble Hill
40%
SullivanMilan
40%
LawrenceMount Vernon
40%
RallsNew London
40%
HoltOregon
40%
MonroeParis
40%
AtchisonRock Port
40%
GrundyTrenton
40%
CarterVan Buren
40%
MariesVienna
40%
JohnsonWarrensburg
40%
PulaskiWaynesville
40%
GentryAlbany
33%
OregonAlton
33%
StoddardBloomfield
33%
PolkBolivar
33%
DallasBuffalo
33%
BatesButler
33%
LivingstonChillicothe
33%
HenryClinton
33%
DaviessGallatin
33%
HickoryHermitage
33%
CharitonKeytesville
33%
LafayetteLexington
33%
LinnLinneus
33%
SalineMarshall
33%
WebsterMarshfield
33%
NewtonNeosho
33%
MarionPalmyra
33%
McDonaldPineville
33%
MillerTuscumbia
33%
HarrisonBethany
27%
BarryCassville
27%
TaneyForsyth
27%
OzarkGainesville
27%
DadeGreenfield
27%
WrightHartville
27%
BartonLamar
27%
Saint ClairOsceola
27%
ClintonPlattsburg
27%
RayRichmond
27%
AndrewSavannah
27%
StoneGalena
20%
CaldwellKingston
20%
DeKalbMaysville
20%
MercerPrinceton
20%
CedarStockton
20%

Score Distribution

Percentile by Number Answered

Percent of People with Each Score

Your Score History

You have not taken this quiz